Logo BPK

Biblioteka

Politechniki Koszalińskiej

Netokracja : (Rekord nr 53768)

Szczegóły MARC
000 -ETYKIETA REKORDU
podpole kontrolne o stałej długości 01313nam a2200349 i 4500
001 - NUMER KONTROLNY REKORDU
pole kontrolne bg
020 ## - MIĘDZYNARODOWY ZNORMALIZOWANY NUMER KSIĄŻKI - ISBN
ISBN 9788360501061
020 ## - MIĘDZYNARODOWY ZNORMALIZOWANY NUMER KSIĄŻKI - ISBN
ISBN 8360501068
040 ## - ŹRÓDŁO KATALOGOWANIA
Instytucja, która utworzyła rekord BPK
041 1# - KOD JĘZYKA
Kod języka tekstu pol
Kod języka oryginału swe
044 ## - KOD KRAJU WYDAWCY/PRODUCENTA
Kod kraju wydawcy/producenta pol
080 ## - UNIWERSALNA KLASYFIKACJA DZIESIĘTNA - UKD
UKD 316.324.8:316.334.2:330.537.4:316.77:004.738.5:316.344
920 ## - Międzynarodowy znormalizowany numer książki – ISBN
ISBN 978-83-60501-06-1
920 ## - Międzynarodowy znormalizowany numer książki – ISBN
ISBN 83-60501-06-8
008 - POLE O STAŁEJ DŁUGOŚCI - DANE KONTROLNE
podpole kontrolne o stałej długości s pl f |000 0 pol
100 1# - NAZWA OSOBOWA
Nazwa osobowa Bard, Alexander
Daty związane z nazwą (1961-).
245 0# - TYTUŁ/ODPOWIEDZIALNOŚĆ
Tytuł Netokracja :
Ciąg dalszy tytułu nowa elita władzy i życie po kapitalizmie /
Pozostałe elementy strefy tytułu i oznaczenia odpowiedzialności Alexander Bard, Jan Söderqvist ; tł. Piotr Cypryański, wstęp Edwin Bendyk.
246 1# - WARIANT TYTUŁU
Treść wyrażenia wprowadzającego Tyt. oryg.:
Tytuł Nätokraterna :
Ciąg dalszy tytułu boken om det elektroniska klassamhället
260 ## - STREFA ADRESU WYDAWNICZEGO
Miejsce wydania Warszawa :
Nazwa wydawcy/dystrybutora Wydawnictwa Akademickie i Profesjonalne,
Data publikacji, dystrybucji/powstania dokumentu 2006.
300 ## - STREFA OPISU FIZYCZNEGO
Objętość 259 s. :
Inne cechy fizyczne 3 rys. ;
Rozmiary 21 cm.
490 1# - STREFA SERII I DOKUMENTU WIELOCZĘŚCIOWEGO - FORMA NIE DO WYSZUKIWANIA
Tytuł i oznaczenie odpowiedzialności serii Cybernetyka, Internet, Społeczeństwo
650 #9 - HASŁO PRZEDMIOTOWE W FORMIE NAZWY OGÓLNEJ LUB JEDNOSTKOWEJ
Nazwa ogólna lub geograficzna Elita społeczna
650 #9 - HASŁO PRZEDMIOTOWE W FORMIE NAZWY OGÓLNEJ LUB JEDNOSTKOWEJ
Nazwa ogólna lub geograficzna Internet
Określnik ogólny socjologia
650 #9 - HASŁO PRZEDMIOTOWE W FORMIE NAZWY OGÓLNEJ LUB JEDNOSTKOWEJ
Nazwa ogólna lub geograficzna Społeczeństwo informacyjne
650 #0 - HASŁO PRZEDMIOTOWE W FORMIE NAZWY OGÓLNEJ LUB JEDNOSTKOWEJ
Nazwa ogólna lub geograficzna Spożycie
Określnik ogólny socjologia
700 ## - HASŁO DODATKOWE - NAZWA OSOBOWA
Nazwa osobowa Söderqvist, Jan
Daty związane z nazwą (1961-).
700 ## - HASŁO DODATKOWE - NAZWA OSOBOWA
Nazwa osobowa Cypryański, Piotr.
Określenie związku między hasłem a opisywanym materiałem Tł.
700 ## - HASŁO DODATKOWE - NAZWA OSOBOWA
Nazwa osobowa Bendyk, Edwin
Daty związane z nazwą (1965-).
Określenie związku między hasłem a opisywanym materiałem Wstęp
830 ## - HASŁO DODATKOWE SERII LUB DOKUMENTU WIELOCZĘŚCIOWEGO - TYTUŁ UJEDNOLICONY
Tytuł ujednolicony Cybernetyka, Internet, Społeczeństwo
856 ## - LOKALIZACJA I DOSTĘP DO ELEKTRONICZNYCH DOKUMENTÓW ZDALNYCH
Link (URL) http://koha.tu.koszalin.pl/cgi-bin/koha/opac-detail.pl?biblionumber=53768
Tekst linku Katalog online BPK
942 ## - DODATKOWE ELEMENTY (KOHA)
Typ dokumentu Książka
Egzemplarze
Wycofany Status egzemplarza Uszkodzony Dostępność Lokalizacja stała Lokalizacja bieżąca Miejsce przechowywania Sygnatura Kod kreskowy Dział Typ dokumentu Status: wypożyczony Ostatnio wypożyczono
      Tylko na miejscu Biblioteka Politechniki Koszalińskiej Biblioteka Politechniki Koszalińskiej Czytelnia Wydziałowa ul. Kwiatkowskiego 6e 84568 02373607 316 Socjologia Książka    
      Dostępny Biblioteka Politechniki Koszalińskiej Biblioteka Politechniki Koszalińskiej Wypożyczalnia BG 84569 02373591   Książka 12.05.2027 29.10.2019
© 2023 Biblioteka Politechniki Koszalińskiej :: KOHA